Interiors:Modern And Emerging Tendencies (Record no. 3370)

MARC details
000 -LEADER
fixed length control field 00330nam a22001337a 4500
008 - FIXED-LENGTH DATA ELEMENTS--GENERAL INFORMATION
fixed length control field 250508b |||||||| |||| 00| 0 eng d
020 ## - INTERNATIONAL STANDARD BOOK NUMBER
ISBN 970972617
100 ## - MAIN ENTRY--AUTHOR
Author Fenando De Haro
245 ## - TITLE STATEMENT
Title Interiors:Modern And Emerging Tendencies
260 ## - PUBLICATION, DISTRIBUTION, ETC. (IMPRINT)
Name of publisher A.M. Publishers
Date of publication 2005
300 ## - COLLATION
Pagination 194p.
942 ## - ADDED ENTRY ELEMENTS (KOHA)
Item type Books
050 ## - LIBRARY OF CONGRESS CALL NUMBER
Classification number NK 2116
Item number .H37

No items available.